00401 2200157 4500001002100000008004100021035002000062245004000082260002800122300002500150020001800175084001700193082001100210650001000221990001200231INLIS000000000003006 ind  a0010-1024000154 aMarriage With BenefitcHandi Namire aJakartabGramediac2020 a248c13,5 cm x 20 cm a9786020522623 a808.83 HAN m a808.83 afiksi aDI.3624